Reporte de la Reunión /
Guardado en:
| Autores Corporativos: | , |
|---|---|
| Formato: | Texto |
| Publicado: |
San José:
CT
|
| Etiquetas: |
Agregar Etiqueta
Sin Etiquetas, Sea el primero en etiquetar este registro!
|
MARC
| LEADER | 00000 a a2200000 04500 | ||
|---|---|---|---|
| 001 | 22834 | ||
| 003 | |||
| 040 | |||
| 090 | |a 157200 | ||
| 110 | |a Consejo de la Tierra | ||
| 245 | |a Reporte de la Reunión / |c Consejo de la Tierra | ||
| 260 | |a San José: |b CT | ||
| 300 | |a 39 p. | ||
| 710 | |a IICA |a PNUD |a PNUMA |a DPCSD | ||
| 999 | |c 10956 |d 10956 | ||
